00914nam a22002057a 4500003000400000005001700004008004100021020001800062040002900080050002500109100008100134245009300215260003700308300003100345650005700376650011600433942001500549952012700564999001700691OSt20240712130734.0240117b |||||||| |||| 00| 0 eng d a9783110754421 cChuka university Library aTR 820.5b.P 46 2022 aSvetlana G. Sergei Abashin, Bruno De Cordier & Tatiana Saburova (Ed.)913408 aPhotographiing central AsiabFrom the periphery of the Russian empire to global presence aBerlin, BostonbDe Gruyterc2022 bcolor illustrationsa431p. aDocumentary photography- Asia central history913409 aDocumentary PhotographyAsia Central History : Asia Central Relations : Asia Central Colonization History913410 2lcccBKn0 00102lcc40708LGLaCHKbCHKcGENd2024-01-17l0oTR 820.5 .P46 2022p22438/2024r2024-01-17 00:00:00t1w2024-01-17yBK c15822d15822